Normal view
MARC view
Entry Personal Name
001 - CONTROL NUMBER
- control field: 17163
003 - CONTROL NUMBER IDENTIFIER
- control field: AUA.1
005 - DATE AND TIME OF LATEST TRANSACTION
- control field: 20111208110621.0
008 - FIXED-LENGTH DATA ELEMENTS
- fixed length control field: 111208|||a|||||| | ||| d
040 ## - CATALOGING SOURCE
- Original cataloging agency: AUA.1
- Transcribing agency: AUA.1
100 ## - HEADING--PERSONAL NAME
- Personal name: Nkosiyabo, Z.Zvandasara
670 ## - SOURCE DATA FOUND
- Source citation: Work cat.: (AUA.1): Nkosiyabo, Z.Zvandasara, Leading the leader.:, 1997